000 00442nam a2200157 i 4500
001 75000
003 ES-MaACL
005 20230906172318.0
007 t|
008 040921s1972 sp ||||1| spa d
100 1 _aGonzalo Maeso, David.
_959063
245 1 3 _aEl legado del judaísmo español /
_cDavid Gonzalo Maeso.
260 _aMadrid :
_bEditora Nacional,
_c[1972]
300 _a287 p. ;
_c21 cm.
852 _aES-MaACL
_jC-45716
_bR.83771
999 _c75000
_d75000